Mejorar la educación cómo base del desarrollo económico : grupo de trabajo sobre educación y desarrollo de Denver, Colorado.

Gardado en:
Detalles Bibliográficos
Formato: Libro
Idioma:Lingua castelá
Series:(Lecturas Seleccionadas sobre Educación ; 58)
Temas:
Etiquetas: Engadir etiqueta
Sen Etiquetas, Sexa o primeiro en etiquetar este rexistro!

MARC

LEADER 00000cam^a2200000uu^4500
001 000482137
005 20250521000000.0
008 050901s1984^^^^^^^^^^^^rd^r^^000^0^spa^d
009 20260526150453.611
035 |a FCE 000025176 
035 |a FCE 013556 
037 |a Acervo ITESO - Biblioteca 
041 |a spa 
082 0 4 |a 082.37142  |b LSSE 58 
245 0 0 |a Mejorar la educación cómo base del desarrollo económico :  |b grupo de trabajo sobre educación y desarrollo de Denver, Colorado. 
264 |a México :  |b SEP,  |c 1984. 
300 |a 7 p. 
336 |a texto  |b txt  |2 rdacontenido 
337 |a sin mediación  |b n  |2 rdamedio 
338 |a volumen  |b nc  |2 rdasoporte 
440 0 0 |a (Lecturas Seleccionadas sobre Educación ; 58) 
649 |a XX 
650 |a Cambio de la educación 
650 |a Desarrollo económico 
650 |a Educación y Desarrollo 
650 |a Perfil del estudiante 
650 |a Estados Unidos 
910 |a Fondo Centro de Estudios Educativos 
920 |a Impresos - Libros 
930 |a Fondos Especiales 
905 |a 133 
901 |a ALE013556  |b IT2  |c CEE  |u 20250521 
902 |a https://opac.biblio.iteso.mx/vufind/Record/000482137